000 01070nam a22002177a 4500
010 _aENG-112115
020 _a9780198092339
_c895.00
020 _a0198092334
_c895.00
035 _aEN-95647
037 _bDBAD/PUB
082 _a359.03091823
100 _aRaja Mohan, C.
245 _aSamudra manthan :
_cby C.Raja Mohan
_bSino-Indian rivalry in the Indo-Pacific /
260 _aNew Delhi
_bOxford University Press
_c2013
270 _aYMCA Library Building, 1, Jai Singh Road,
_bNew Delhi
_e110001
300 _axii,329p.:
_c24cm(Hb)
_bmap
500 _a Includes bibliographical references and index.
505 _a Introduction -- The structure of the rivalry -- In search of sea power -- Tacking to the blue waters -- Maritime nuclear power -- India’s Pacific ambitions -- China eyes the Indian Ocean -- Circling the strategic islands -- Contesting the littoral -- Mitigating the security dilemma -- Ordering the Indo-Pacific -- Samudra manthan.
650 _a Strategic rivalries (World politics)
942 _2ddc
_cEN
_mRAJ
_h359.03091823
999 _c91285
_d91285